000 00536nam a2200193Ia 4500
005 20140322125526.0
008 140130s9999 xx 000 0 und d
020 _a0590057227
050 _aTR
_bGr26 1998
100 _aEdwards, Pamela Duncan
245 _cPamela Duncan Edwards
_aThe Grumpy Morning /
260 _bScholastic,
_c1998.
_aNew York :
300 _a1 v. (unpaged) :
_bcol. ill. ;
_c22 cm.
440 _v1
650 _aDomestic animals
_vFiction.
650 _aStories in rhyme.
942 _cBK
_2lcc
999 _c42138
_d42138